Forts and Palaces of Himachal Pradesh / (Record no. 74200)

MARC details
000 -LEADER
fixed length control field 01003nam a22002537a 4500
005 - DATE AND TIME OF LATEST TRANSACTION
control field 20140107112158.0
010 ## - LCCN (DPL NO)
LC control number B-497840-849 ENG-109034
020 ## - INTERNATIONAL STANDARD BOOK NUMBER
International Standard Book Number 9788181820631
Terms of availability 3600.00
035 ## - SYSTEM CONTROL NUMBER
System control number B-497840-849
037 ## - SOURCE OF ACQUISITION
Source of stock number/acquisition Star Pub/Ven
037 ## - SOURCE OF ACQUISITION
Stock number DBAD/PUB
082 ## - DEWEY DECIMAL CLASSIFICATION NUMBER
Classification number 623.1095415022
100 ## - MAIN ENTRY--PERSONAL NAME
Personal name Bande, Usha
245 ## - TITLE STATEMENT
Title Forts and Palaces of Himachal Pradesh /
Statement of responsibility, etc by Usha Bande [and] Him Chatterjee
260 ## - PUBLICATION, DISTRIBUTION, ETC. (IMPRINT)
Place of publication, distribution, etc Jaipur
Name of publisher, distributor, etc Literary Circle
Date of publication, distribution, etc 2011
270 ## - ADDRESS
Address C-12/13, First Floor, Opp.Khandelwal Girls College, S.C.Road,
City Jaipur
Postal code 302001
300 ## - PHYSICAL DESCRIPTION
Extent 178, [1] p.
Other physical details ill. (chiefly col.), col. maps
Dimensions 29cm(Hb)
500 ## - GENERAL NOTE
General note Includes bibliographical references (p. [179]).
650 ## - SUBJECT ADDED ENTRY--TOPICAL TERM
Topical term or geographic name as entry element Fortification
Geographic subdivision India
-- Himachal Pradesh.
650 ## - SUBJECT ADDED ENTRY--TOPICAL TERM
Topical term or geographic name as entry element Palaces
Geographic subdivision India
-- Himachal Pradesh.
700 ## - ADDED ENTRY--PERSONAL NAME
Dates associated with a name Chatterjee, Him
942 ## - ADDED ENTRY ELEMENTS (KOHA)
Source of classification or shelving scheme Dewey Decimal Classification
Item type English Books
Call number suffix BAN
Classification part 623.1095415022
Holdings
Withdrawn status Lost status Not for loan Collection code Home library Current library Date acquired Source of acquisition Cost, normal purchase price Full call number Barcode Copy number Cost, replacement price Koha item type
    Not For Loan Reference Bawana Bawana 07/06/2013 Star Publications/2449/14.3.2013/179/08.03.2013/15.03.2013 3600.00 623.1095415022 BAN B-497848 1 3600.00 English Books
    Not For Loan Reference Central Library Central Library 07/06/2013 Star Publications/2449/14.3.2013/179/08.03.2013/15.03.2013 3600.00 623.1095415022 BAN B-497840 1 3600.00 English Books
    Not For Loan Non-fiction D.B.Act.Division D.B.Act.Division 07/01/2014 DBAD/PUB 3600.00 623.1095415022 BAN EN-92567 1 3600.00 English Books
    Not For Loan Reference Janak Puri Janak Puri 07/06/2013 Star Publications/2449/14.3.2013/179/08.03.2013/15.03.2013 3600.00 623.1095415022 BAN B-497845 1 3600.00 English Books
    Not For Loan Reference Karol Bagh Karol Bagh 07/06/2013 Star Publications/2449/14.3.2013/179/08.03.2013/15.03.2013 3600.00 623.1095415022 BAN B-497846 1 3600.00 English Books
    Not For Loan Reference Kasturba Gandhi Marg Kasturba Gandhi Marg 07/06/2013 Star Publications/2449/14.3.2013/179/08.03.2013/15.03.2013 3600.00 623.1095415022 BAN B-497842 1 3600.00 English Books
    Not For Loan Reference Narela Narela 07/06/2013 Star Publications/2449/14.3.2013/179/08.03.2013/15.03.2013 3600.00 623.1095415022 BAN B-497847 1 3600.00 English Books
    Not For Loan Reference Patel Nagar Patel Nagar 07/06/2013 Star Publications/2449/14.3.2013/179/08.03.2013/15.03.2013 3600.00 623.1095415022 BAN B-497841 1 3600.00 English Books
    Not For Loan Reference Peshwa Road Peshwa Road 07/06/2013 Star Publications/2449/14.3.2013/179/08.03.2013/15.03.2013 3600.00 623.1095415022 BAN B-497843 1 3600.00 English Books
    Not For Loan Reference Shahdara Branch Shahdara Branch 07/06/2013 Star Publications/2449/14.3.2013/179/08.03.2013/15.03.2013 3600.00 623.1095415022 BAN B-497849 1 3600.00 English Books
    Not For Loan Reference Tri Nagar Tri Nagar 07/06/2013 Star Publications/2449/14.3.2013/179/08.03.2013/15.03.2013 3600.00 623.1095415022 BAN B-497844 1 3600.00 English Books

© Delhi Public Library
Hit Counter
free hit counter